A guide to criminal procedure in Uganda / (Record no. 331)

MARC details
000 -LEADER
fixed length control field 02555nam a2200433 a 4500
001 - CONTROL NUMBER
control field 3447917
003 - CONTROL NUMBER IDENTIFIER
control field OSt
005 - DATE AND TIME OF LATEST TRANSACTION
control field 20130406104659.0
008 - FIXED-LENGTH DATA ELEMENTS--GENERAL INFORMATION
fixed length control field 930915s1990 ug 000 0 eng d
010 ## - LIBRARY OF CONGRESS CONTROL NUMBER
LC control number 91980896
035 ## - SYSTEM CONTROL NUMBER
System control number (OCoLC)28518695
040 ## - CATALOGING SOURCE
Original cataloging agency NNC-L
Transcribing agency NNC-L
Modifying agency DLC
042 ## - AUTHENTICATION CODE
Authentication code lccopycat
043 ## - GEOGRAPHIC AREA CODE
Geographic area code f-ug---
050 00 - LIBRARY OF CONGRESS CALL NUMBER
Classification number MLCM 93/04871 (H)
082 ## - DEWEY DECIMAL CLASSIFICATION NUMBER
Classification number 345.05 ODO
100 1# - MAIN ENTRY--PERSONAL NAME
Personal name Odoki, B. J.
Fuller form of name (Ben J.)
9 (RLIN) 997
245 12 - TITLE STATEMENT
Title A guide to criminal procedure in Uganda /
Statement of responsibility, etc by B.J. Odoki.
250 ## - EDITION STATEMENT
Edition statement 2nd ed.
260 ## - PUBLICATION, DISTRIBUTION, ETC. (IMPRINT)
Place of publication, distribution, etc Kampala, Uganda :
Name of publisher, distributor, etc Law Development Centre,
Date of publication, distribution, etc [c1990]
300 ## - PHYSICAL DESCRIPTION
Extent xvii, 198 p. ;
Dimensions 28 cm.
440 #0 - SERIES STATEMENT/ADDED ENTRY--TITLE
Title [Introduction to law series ;
Volume number/sequential designation no. 5]
9 (RLIN) 998
650 #0 - SUBJECT ADDED ENTRY--TOPICAL TERM
Topical term or geographic name as entry element Criminal procedure
Geographic subdivision Uganda.
9 (RLIN) 999
740 0# - ADDED ENTRY--UNCONTROLLED RELATED/ANALYTICAL TITLE
Uncontrolled related/analytical title Criminal procedure in Uganda.
906 ## - LOCAL DATA ELEMENT F, LDF (RLIN)
a 7
b cbc
c copycat
d 3
e ncip
f 19
g y-gencatlg
942 ## - ADDED ENTRY ELEMENTS (KOHA)
Source of classification or shelving scheme Dewey Decimal Classification
Koha item type Books
Holdings
Withdrawn status Lost status Source of classification or shelving scheme Damaged status Not for loan Home library Current library Shelving location Date acquired Total Checkouts Full call number Barcode Date last seen Price effective from Koha item type Public note Checked out Date checked out
    Dewey Decimal Classification     Law Development Centre Main Library Law Development Centre Main Library Text Books and Laws 04/12/2011   345.05 ODO 554010 04/12/2011 04/12/2011 Books Archived on 5th/04/2013    
    Dewey Decimal Classification     Law Development Centre Main Library Law Development Centre Main Library Text Books and Laws 04/12/2011   345.05 ODO 553010 04/12/2011 04/12/2011 Books Reserve book    
    Dewey Decimal Classification     Law Development Centre Main Library Law Development Centre Main Library Text Books and Laws 04/12/2011   345.05 ODO 555010 04/12/2011 04/12/2011 Books Reserve book    
    Dewey Decimal Classification     Law Development Centre Main Library Law Development Centre Main Library Text Books and Laws 04/12/2011   345.05 ODO 0142000 03/09/2012 04/12/2011 Books Reserve book    
    Dewey Decimal Classification     Law Development Centre Main Library Law Development Centre Main Library Text Books and Laws 04/12/2011   345.05 ODO 0143000 04/12/2011 04/12/2011 Books Reserve book    
    Dewey Decimal Classification     Law Development Centre Main Library Law Development Centre Main Library Text Books and Laws 04/12/2011 2 345.05 ODO 0144000 03/09/2012 04/12/2011 Books Reserve book 03/10/2012 03/09/2012
    Dewey Decimal Classification     Law Development Centre Main Library Law Development Centre Main Library Text Books and Laws 10/01/2012   345.05 ODO 4016/2012 10/01/2012 10/01/2012 Books Reserve book    
    Dewey Decimal Classification     Law Development Centre Main Library Law Development Centre Main Library Text Books and Laws 10/01/2012   345.05 ODO 4017/2012 10/01/2012 10/01/2012 Books Reserve book    
    Dewey Decimal Classification     Law Development Centre Main Library Law Development Centre Main Library Text Books and Laws 10/01/2012   345.05 ODO 4018/2012 10/01/2012 10/01/2012 Books Reserve book    
    Dewey Decimal Classification     Law Development Centre Main Library Law Development Centre Main Library Text Books and Laws 10/01/2012   345.05 ODO 4019/2012 10/01/2012 10/01/2012 Books Reserve book    
    Dewey Decimal Classification     Law Development Centre Main Library Law Development Centre Main Library Text Books and Laws 10/01/2012   345.05 ODO 4020/2012 10/01/2012 10/01/2012 Books Reserve book